000 01041nam a2200289 i 4500
003 EG-GICUC
005 20260413191647.0
008 260413s1948 fr |||fr|||| 00| 0 fre d
040 _aEG-GiCUC
_bfre
_cEG-GiCUC
_dEG-GiCUC
_eRda
082 0 4 _221
_a343.621
_bHE . P
092 0 4 _221
099 _aLaw1 10 343.621 HE . P 1948
100 1 _aHélie, Faustin
_eAuteur
245 1 0 _aPratique Criminelle Des Cours Et Tribunaux.
_nTom I.
_cFaustin Hélie.
250 _aCinquième Édition
_bComplètement Fefondue Et Mise AU Courant De La Législation Et De La Jurisprédence Par Jean Brouchot
264 1 _aParis :
_bEditions Techniques S. A,
_c1948.
300 _a284 page ,
_c 24 cm.
336 _2rda contenu
_a texte
337 _2rda medias
_aOrdinateur
338 _2 transporteur rda
_a Ressource en ligne
650 1 _aQuels Sont Les Facteurs Criminels
_2qrmak
650 1 _aDroit De Pénal
_2qrmak
651 1 _2qrmak
856 4 0 _uhttps://fll.law.cu.edu.eg/fulltext/bks/B10-08626.pdf
905 _a54
942 _2ddc
_cBK
_e21
_n0
999 _c70518
_d70518